Skip to content
VuFind
Login
All Fields
Title
Author
Subject
Call Number
ISBN/ISSN
Tag
Find
Advanced
The seleeted stories of
Cite this
Text this
Email this
Print
Export Record
Export to RefWorks
Export to EndNoteWeb
Export to EndNote
Export to MARC
Export to BibTeX
Export to RIS
Save to List
Permanent link
The seleeted stories of
Saved in:
Bibliographic Details
Main Author:
Shur-Chengonphutre
Format:
Book
Language:
Undetermined
Tags:
Add Tag
No Tags, Be the first to tag this record!
Holdings
Description
Comments
Similar Items
Staff View
MARC
LEADER
00000nam a2200000Ia 4500
008
180726s9999 xx 000 0 und d
082
|a
Fiction
100
|a
Shur-Chengonphutre
245
4
|a
The seleeted stories of
942
|c
LBK
999
|c
484
|d
484
Similar Items
A seleetion of English poetry /
by: RaJIA wijesinha
Published: (1991)
Story scayr stories
by: Navarathna, Punsala U.B
The story of the buddha and the stories based on the story of the buddha
by: Kovida himi, Kudagala
Published: (2013)
The Story Of The Buddha And The Stories Based On The Story Of The Buddha/
by: Kovida,Kudagala
Published: (2014)
Stories for the
by: Ben Hecht